Kraj Zakaukaski w relacjach dyplomatów II Rzeczypospolitej. - Poznań : Instytut Historii Uniwersytetu im. Adama Mickiewicza. - 1999 [Rezension]
| Titel: | Kraj Zakaukaski w relacjach dyplomatów II Rzeczypospolitej. - Poznań : Instytut Historii Uniwersytetu im. Adama Mickiewicza. - 1999 [Rezension] |
|---|---|
| Verfasser: | |
| In: |
Studia z dziejów Rosji i Europy Środkowo-Wschodniej, Band 36 (2001), Seite 219-221 alle Artikel anzeigen |
| Veröffentlicht: | 2001 |
| Format: | Aufsatz |
| Sprache: | Polnisch |
X
alg: 39486037 001A $01999:12-11-16 001B $01999:03-08-21 $t21:04:41.000 001D $01999:12-11-16 001U $0utf8 001X $00 002@ $0Aox 003@ $0394860373 007A $0394860373 $aHEB 007T $0Herd58119 010@ $apol 011@ $a2001 021A $aKraj Zakaukaski w relacjach dyplomatów II Rzeczypospolitej. - Poznań : Instytut Historii Uniwersytetu im. Adama Mickiewicza. - 1999 [Rezension] 028A $aKorzeniowski $dMariusz 031A $d36 $h219-221 $j2001 039B $aIn $8--Abvc--. Studia z dziejów Rosji i Europy Środkowo-Wschodniej. - Warszawa : Wydawn. Naukowe Semper, 1992-. - ISSN 1230-5057 $x200100000360000781 $9048641332 039T $8--Aax--. Kraj Zakaukaski w relacjach dyplomatów II Rzeczypospolitej. - Poznań : Instytut Historii Uniwersytetu im. Adama Mickiewicza, 1999. - ss. 175, mapa. - ISBN 83-86650-42-7 $9395540496 045F $a900.9438 $eDDC23BSB 045F/01 $a900 045F/03 $g438 045T $a7,41 lok: 39486037 78 exp: 39486037 78 1 #EPN 201B/01 $018-11-16 $t12:57:59.000 201U/01 $0utf8 203@/01 $0791158969 208@/01 $a12-11-16 $be 209A/01 $a/ $f000 $x00 220C/01 $aTitelaufnehmer: pbb;pg 220C/01 $aHerkunft: IH PAN/PBB Kraków 244Z/01 $2Trx $#Poola $#Lenkija $#Polija $#Polen Land $#Poland $#Lengyelország $#Poľsko $#Polsko $8--Trx--Polska$gkraj $x01 $9391345966 244Z/01 $2Trx $#arvustused $#recenzijos $#Reviews $#recenziók $#recenzje $#recenzie $#recenze $8--Trx--Rezensionen $x02 $9391357441 247C/01 $82080>Marburg/Lahn, Herder-Institut, Forschungsbibliothek, Bibliographieportal $9336309341
| LEADER | 00000caa a22000002c 4500 | ||
|---|---|---|---|
| 001 | 394860373 | ||
| 003 | DE-603 | ||
| 005 | 20210803210441.0 | ||
| 007 | tu | ||
| 008 | 161112s2001 xx |||| | u00||u|pol c | ||
| 035 | |a (DE-599)HEB394860373 | ||
| 040 | |a DE-603 |b ger |c DE-603 |d DE-603 | ||
| 041 | |a pol | ||
| 082 | 0 | 4 | |8 1\u |a 900.9438 |q DE-101 |2 23/BSB |
| 084 | |a 7,41 |2 ssgn | ||
| 085 | |8 1\u |b 900 | ||
| 085 | |8 1\u |z 2 |s 438 | ||
| 100 | 1 | |a Korzeniowski, Mariusz | |
| 245 | 0 | 0 | |a Kraj Zakaukaski w relacjach dyplomatów II Rzeczypospolitej. - Poznań : Instytut Historii Uniwersytetu im. Adama Mickiewicza. - 1999 [Rezension] |
| 264 | 0 | |c 2001 | |
| 773 | 0 | 8 | |i In |t Studia z dziejów Rosji i Europy Środkowo-Wschodniej |d Warszawa : Wydawn. Naukowe Semper, 1992- |x 1230-5057 |g Band 36 (2001), Seite 219-221 |w (DE-603)048641332 |w (DE-600)1176803-4 |
| 787 | 0 | 8 | |i Rezension von |t Kraj Zakaukaski w relacjach dyplomatów II Rzeczypospolitej |d Poznań : Instytut Historii Uniwersytetu im. Adama Mickiewicza, 1999 |h ss. 175, mapa |z 8386650427 |w (DE-603)395540496 |
| 924 | 0 | |9 2080 |a (DE-603)791158969 |b DE-2080 |c HES |d d |g / | |


